"Ez a nap túl szép a halálhoz" Hazáért kitüntetést kapott Sedghi Behnam - életét kockáztatta társaiért Afganisztánban /

Elmentve itt :
Bibliográfiai részletek
Szerző: Oláh Zoltán
Dokumentumtípus: Cikk
Megjelent: 2008-09-17
Sorozat:Délmagyarország 98 No. 218
Kulcsszavak:Behnam, Sedghi, Szeged, Kitüntetés Hazáért
Online Access:http://dmarchiv.bibl.u-szeged.hu/140654
LEADER 00588nab a2200157 i 4500
001 delm140654
005 20200103125804.0
008 200103s2008 hu o 0|| hun d
040 |a SZTE Délmagyarország Archívum  |b hun 
041 |a hun 
100 1 |a Oláh Zoltán 
245 1 0 |a "Ez a nap túl szép a halálhoz"   |h [elektronikus dokumentum] :  |b Hazáért kitüntetést kapott Sedghi Behnam - életét kockáztatta társaiért Afganisztánban /  |c  Oláh Zoltán 
260 |c 2008-09-17 
300 |a 1, 3 
490 0 |a Délmagyarország  |v 98 No. 218 
695 |a Behnam, Sedghi, Szeged, Kitüntetés Hazáért